|
|
|
|
| LEADER |
00000nam0a2200000 4500 |
| 001 |
29033 |
| 005 |
20231030203102.0 |
| 010 |
|
|
|a 5724504839
|
| 035 |
|
|
|a (RuTPU)RU\TPU\book\29292
|
| 035 |
|
|
|a BOOK00029367
|
| 090 |
|
|
|a 29033
|
| 100 |
|
|
|a 20011209d1992 km y0rusy50 ca
|
| 101 |
0 |
|
|a rus
|
| 102 |
|
|
|a RU
|
| 105 |
|
|
|a а z 001zy
|
| 200 |
1 |
|
|a Нефтяной кокс
|f Р. Н. Гимаев, И. Р. Кузеев, Ю. М. Абызгильдин
|
| 210 |
|
|
|a Москва
|c Химия
|d 1992
|
| 215 |
|
|
|a 74 с.
|c ил.
|
| 320 |
|
|
|a Библиогр.: с. 73-75 (44 назв.).
|
| 610 |
1 |
|
|a химическая технология
|
| 610 |
1 |
|
|a кокс
|
| 610 |
1 |
|
|a нефтяной кокс
|
| 610 |
1 |
|
|a образование
|
| 610 |
1 |
|
|a оборудование
|
| 610 |
1 |
|
|a аппаратура
|
| 610 |
1 |
|
|a ЭВМ
|
| 610 |
1 |
|
|a экономика
|
| 610 |
1 |
|
|a безопасность
|
| 610 |
1 |
|
|a экология
|
| 675 |
|
|
|a 665.7
|v 3
|
| 700 |
|
1 |
|a Гимаев
|b Р. Н.
|g Рагиб Насретдинович
|
| 701 |
|
1 |
|a Кузеев
|b И. Р.
|g Искандер Рустемович
|
| 701 |
|
1 |
|a Абызгильдин
|b Ю. М.
|g Юнир Минигалеевич
|
| 801 |
|
0 |
|a RU
|b 63413507
|c 20011209
|g PSBO
|
| 801 |
|
2 |
|a RU
|b 63413507
|c 20081007
|g PSBO
|
| 942 |
|
|
|c BK
|